| 000 | 00665nam a2200217 a 4500 | ||
|---|---|---|---|
| 001 | 6729 | ||
| 003 | BD-RjUL | ||
| 005 | 20211208234312.0 | ||
| 008 | 120114s1968 nyu 001 0 eng d | ||
| 035 | _a(BD-RjUL)6770 | ||
| 040 |
_aDLC _beng _cBD-RjUL _dBD-RjUL |
||
| 041 | _aeng | ||
| 082 |
_a300.1 _bREA 1968 |
||
| 245 | 0 | 0 |
_aReadings in philosophy of Social Sciences / _cedited by May Brodbeck |
| 260 |
_aNew York : _bMacmilan company, _cc1968 |
||
| 300 |
_aix, 789 p. ; _c24 cm. |
||
| 504 | _aIIncludes selected bibliography and index | ||
| 650 |
_aSocial Sciences _xPhilosophy and theory _9246210 |
||
| 700 |
_aBrodbeck, May, edittor _9246211 |
||
| 942 |
_2ddc _cBK |
||
| 999 |
_c6729 _d6729 |
||